| 000 | 00440pab a2200169 454500 | ||
|---|---|---|---|
| 008 | 180718b1999 xxu||||| |||| 00| 0 eng d | ||
| 100 | _aDas, B.C. | ||
| 245 | _aAttitude of university and college teachers towards orientation programme | ||
| 260 | _c1999 | ||
| 300 | _ap.8-12 | ||
| 362 | _a6 Sep | ||
| 650 | _aTeachers | ||
| 650 | _aInservice teacher education | ||
| 700 | _aAhmed, I.S. | ||
| 773 | _aUniversity News | ||
| 909 | _a42573 | ||
| 999 |
_c42573 _d42573 |
||